| 000 | 00507 a2200181 4500 | ||
|---|---|---|---|
| 003 | OSt | ||
| 005 | 20260307133937.0 | ||
| 008 | 260307b |||||||| |||| 00| 0 eng d | ||
| 020 | _a9789353905484 | ||
| 040 | _coclc | ||
| 082 |
_a894.8123 _bBEN/P |
||
| 100 |
_aBenyamin _96438 |
||
| 245 |
_aPUZHAMEENUKALE KOLLUNNA VIDHAM / _cBenyamin |
||
| 250 | _a11th Ed. | ||
| 260 |
_aKottayam: _bD C Books. _c2025, |
||
| 300 | _a112 pages | ||
| 942 |
_2ddc _cBK _h894.8123 _iBEN/P _k894.8123 _mBEN/P |
||
| 999 |
_c44675 _d44675 |
||